000 00880nam a2200265 i 4500
001 bg
003 BPK
005 20200103081858.0
008 980702s1996 pl a e |000 0 pol
015 _aPB 1996/8163
020 _a8301119942
040 _aWA N
_cBPK
080 _a657
080 _a(03)
245 0 0 _aLeksykon rachunkowości /
_cpod red. nauk. Edwarda Nowaka ; aut. haseł Jolanta Bodzianny [et al.].
260 _aWarszawa :
_bWydaw. Naukowe PWN,
_c1996.
300 _a258, [2] s. :
_brys., wykr., err. ;
_c25 cm.
655 4 _aEncyklopedia
650 4 _aRachunkowość
700 1 _aBodzianny, Jolanta.
710 2 _aWydawnictwo Naukowe PWN
_4pbl.
700 1 _aNowak, Edward
_d(1951- )
_eRedakcja
942 _2UKD
_cKS
856 _uhttp://koha.tu.koszalin.pl/cgi-bin/koha/opac-detail.pl?biblionumber=30908
_yKatalog online BPK
999 _c30908
_d30908